|
|
|
|
| LEADER |
00000nam0a2200000 4500 |
| 001 |
284664 |
| 005 |
20231101235722.0 |
| 035 |
|
|
|a (RuTPU)RU\TPU\book\308845
|
| 090 |
|
|
|a 284664
|
| 100 |
|
|
|a 20150217d1985 k y0rusy50 ca
|
| 101 |
0 |
|
|a rus
|
| 102 |
|
|
|a RU
|
| 105 |
|
|
|a a j 001zy
|
| 200 |
1 |
|
|a Устройство и эксплуатация токарных автоматов
|e учебник
|f В. Я. Любарский
|
| 205 |
|
|
|a 2-е изд., перераб. и доп.
|
| 210 |
|
|
|a Москва
|c Высшая школа
|d 1985
|
| 215 |
|
|
|a 199 с.
|c ил.
|
| 225 |
1 |
|
|a Профессионально-техническое образование
|
| 320 |
|
|
|a Библиогр.: с. 196
|
| 606 |
1 |
|
|a Токарные станки-автоматы
|x Эксплуатация
|2 stltpush
|3 (RuTPU)RU\TPU\subj\60844
|9 78067
|
| 610 |
1 |
|
|a одношпиндельные автоматы
|
| 610 |
1 |
|
|a многошпиндельные станки
|
| 610 |
1 |
|
|a станки с ЧПУ
|
| 610 |
1 |
|
|a устройство
|
| 610 |
1 |
|
|a подготовка
|
| 610 |
1 |
|
|a обработка резанием
|
| 610 |
1 |
|
|a механическая обработка
|
| 610 |
1 |
|
|a инструментальная оснастка
|
| 610 |
1 |
|
|a металлорежущие инструменты
|
| 610 |
1 |
|
|a износ
|
| 610 |
1 |
|
|a оптимальные режимы
|
| 610 |
1 |
|
|a замена
|
| 610 |
1 |
|
|a стандартизация
|
| 610 |
1 |
|
|a учебники
|
| 675 |
|
|
|a 621.941.23(075.3)
|v 3
|
| 700 |
|
1 |
|a Любарский
|b В. Я.
|g Владимир Яковлевич
|
| 801 |
|
1 |
|a RU
|b 63413507
|c 20150217
|
| 801 |
|
2 |
|a RU
|b 63413507
|c 20171027
|g RCR
|
| 942 |
|
|
|c BK
|